Statistics for Find the Spelling #11

Click here to take the quiz!

General Stats

  • This quiz has been taken 36 times
  • The average score is 4 of 5

Answer Stats

QuestionAnswer% Correct
Which is correct?Interrupt
93%
Which is correct?Sergeant
93%
Which is correct?Mediterranean
83%
Which is correct?Gazpacho
77%
Which is correct?Semaphore
67%

Score Distribution

Percentile by Number Answered

Percent of People with Each Score

Your Score History

You have not taken this quiz